[Event "2nd 4NCL Spring Bank Holiday Congress"]
[Site "Basingstoke"]
[Date "2019.05.27"]
[Round "7.1"]
[White "Hebden, Mark L"]
[Black "Bukojemski, Adam"]
[Result "1-0"]
[WhiteElo "2433"]
[BlackElo "2182"]
[PlyCount "89"]
[EventDate "2019.05.24"]

1. d4 Nf6 2. Nc3 d5 3. Bf4 e6 4. Nb5 Na6 5. e3 c6 6. Nc3 b6 7. Bd3 Bd6 8. Nf3
c5 9. Ne5 Nc7 10. Nb5 Nxb5 11. Bxb5+ Kf8 12. c3 Qc7 13. O-O Nd7 14. Qh5 Nxe5
15. dxe5 Be7 16. Rad1 h6 17. e4 a6 18. exd5 exd5 19. Bd3 Be6 20. Bg3 g6 21. Qe2
h5 22. h3 h4 23. Bh2 c4 24. Bc2 Rd8 25. f4 Qc8 26. f5 gxf5 27. Kh1 Bc5 28. Rf4
b5 29. Qf3 d4 30. cxd4 Bd5 31. Qf2 Rg8 32. Rg1 Be7 33. Bxf5 Qc6 34. Rg4 Rxg4
35. Bxg4 c3 36. bxc3 Qxc3 37. e6 f6 38. Bf4 Kg7 39. Rc1 Qa3 40. Rc7 Bxa2 41.
Bf5 Rd5 42. Qxh4 Rxf5 43. Qh6+ Kg8 44. Qg6+ Kh8 45. Qe8+ 1-0

[Event "2nd 4NCL Spring Bank Holiday Congress"]
[Site "Basingstoke"]
[Date "2019.05.27"]
[Round "7.2"]
[White "Merry, Alan B"]
[Black "Zakarian, David"]
[Result "1-0"]
[WhiteElo "2440"]
[BlackElo "2341"]
[PlyCount "159"]
[EventDate "2019.05.24"]

1. c4 Nf6 2. Nc3 g6 3. g3 Bg7 4. Bg2 O-O 5. d4 d6 6. Nf3 Nc6 7. O-O a6 8. Qc2
Bf5 9. e4 Bg4 10. Be3 Bxf3 11. Bxf3 Nd7 12. Rad1 e5 13. d5 Ne7 14. Bg2 f5 15.
exf5 Nxf5 16. Qd2 Nf6 17. Ne4 Nxe4 18. Bxe4 Nxe3 19. Qxe3 b6 20. Kg2 Qd7 21. h4
Rf6 22. Rh1 Raf8 23. f3 Qa4 24. Qe2 a5 25. a3 Rb8 26. Rc1 Bh6 27. Rc3 Qe8 28.
b3 Ra8 29. Qd3 Qf7 30. Kf1 Bf8 31. Ke2 Bh6 32. Kd1 Bf8 33. Kc2 Be7 34. Kb1 Rf8
35. Ka2 Kg7 36. h5 gxh5 37. Rc2 a4 38. bxa4 Rxf3 39. Bxf3 Qxf3 40. Qxf3 Rxf3
41. Rxh5 h6 42. Rhh2 Kg6 43. g4 Rf4 44. Kb3 Rxg4 45. Kb4 Bg5 46. Kb5 Be3 47. a5
bxa5 48. Kxa5 Kf5 49. a4 Ke4 50. Ka6 Kd3 51. Kb7 Rxc4 52. Rxc4 Kxc4 53. a5 Kxd5
54. a6 e4 55. Kxc7 Bd4 56. Rd2 e3 57. a7 exd2 58. a8=Q+ Kc4 59. Qf3 Be5 60. Kc6
h5 61. Qxh5 Kd3 62. Qd1 Bf4 63. Kb5 d5 64. Kb4 d4 65. Kb3 Ke3 66. Kc2 d3+ 67.
Kc3 Be5+ 68. Kc4 Bf4 69. Qf1 Bg5 70. Qxd3+ Kf2 71. Kb3 Bf4 72. Kc2 Be3 73. Kd1
Bf4 74. Qe4 Kg3 75. Ke2 Kg4 76. Qf3+ Kg5 77. Kd3 Kf5 78. Kd4 Kg5 79. Ke4 Kg6
80. Kxf4 1-0

[Event "2nd 4NCL Spring Bank Holiday Congress"]
[Site "Basingstoke"]
[Date "2019.05.27"]
[Round "7.3"]
[White "Jackson, James P"]
[Black "Okhai, Shabir"]
[Result "1/2-1/2"]
[WhiteElo "2388"]
[BlackElo "2082"]
[PlyCount "76"]
[EventDate "2019.05.24"]

1. e4 e5 2. Nf3 Nc6 3. Bb5 a6 4. Ba4 Nf6 5. O-O Be7 6. Re1 b5 7. Bb3 O-O 8. h3
Bb7 9. d3 d6 10. a3 Qd7 11. Nc3 Rfe8 12. Ne2 Nd8 13. Ng3 Ne6 14. c3 Bf8 15. d4
exd4 16. cxd4 g6 17. Bc2 Bg7 18. Be3 Rad8 19. d5 Nc5 20. Bd4 c6 21. b4 Na4 22.
Bxa4 bxa4 23. Qxa4 cxd5 24. Qxd7 Rxd7 25. e5 Ne4 26. exd6 Bf8 27. Bc5 Bg7 28.
Rac1 Nxd6 29. Rxe8+ Nxe8 30. Bd4 Bh6 31. Rc2 Rc7 32. Re2 Bc6 33. Bc5 Bb5 34.
Re1 Nf6 35. Nd4 Ba4 36. Nf3 Bb5 37. Nd4 Ba4 38. Nf3 Bb5 1/2-1/2

[Event "2nd 4NCL Spring Bank Holiday Congress"]
[Site "Basingstoke"]
[Date "2019.05.27"]
[Round "7.4"]
[White "Harvey, Marcus R"]
[Black "Kett, Timothy J"]
[Result "1-0"]
[WhiteElo "2412"]
[BlackElo "2208"]
[PlyCount "105"]
[EventDate "2019.05.24"]

1. d4 Nf6 2. Nf3 g6 3. b3 Bg7 4. Bb2 O-O 5. e3 d6 6. Be2 e5 7. c4 Nc6 8. dxe5
Ng4 9. h3 Ngxe5 10. Nc3 Nxf3+ 11. Bxf3 Ne5 12. O-O Nxf3+ 13. Qxf3 Qf6 14. Qe2
c6 15. Rfd1 Rd8 16. Rd2 Qe7 17. Rad1 Be6 18. Qf3 Rd7 19. Ne4 Bxb2 20. Rxb2 Kg7
21. Nc3 Qf6 22. Qxf6+ Kxf6 23. Rbd2 Rad8 24. f4 a6 25. e4 Ke7 26. Re1 Kf8 27.
Kf2 b5 28. cxb5 axb5 29. g4 f6 30. Ne2 c5 31. f5 Bf7 32. Nc3 d5 33. Nxb5 dxe4
34. Rxd7 Rxd7 35. Nc3 gxf5 36. gxf5 Rd3 37. Re3 Rd2+ 38. Re2 Rd3 39. Nxe4 c4
40. bxc4 Bxc4 41. Rc2 Bf7 42. Rc8+ Kg7 43. Rc7 Kf8 44. Nxf6 Rxh3 45. a4 h6 46.
a5 Ra3 47. Ra7 Bc4 48. Nd7+ Kg8 49. Ne5 Bd5 50. f6 h5 51. Rg7+ Kf8 52. Rd7 Rxa5
53. Rd8# 1-0

[Event "2nd 4NCL Spring Bank Holiday Congress"]
[Site "Basingstoke"]
[Date "2019.05.27"]
[Round "7.5"]
[White "Eggleston, David J"]
[Black "Mccullough, Simon L"]
[Result "1-0"]
[WhiteElo "2397"]
[BlackElo "2109"]
[PlyCount "195"]
[EventDate "2019.05.24"]

1. e4 c5 2. Nf3 g6 3. d4 cxd4 4. Nxd4 Nc6 5. c4 Nf6 6. Nc3 Nxd4 7. Qxd4 d6 8.
Be2 Bg7 9. Be3 O-O 10. Qd2 a5 11. O-O a4 12. Rac1 Qa5 13. f4 Be6 14. b3 axb3
15. axb3 Qb4 16. Bd1 Rfc8 17. h3 b5 18. e5 dxe5 19. fxe5 Nd7 20. Nxb5 Qxd2 21.
Bxd2 Nxe5 22. Be3 Nd3 23. Rc2 Bf5 24. Rd2 Nc5 25. Rd5 Ne4 26. Bf3 Ra2 27. Rfd1
Nd6 28. Nxd6 exd6 29. Rxd6 Be5 30. Rd8+ Rxd8 31. Rxd8+ Kg7 32. Bd4 Bxd4+ 33.
Rxd4 Rb2 34. Bd1 Kf6 35. g4 Be6 36. Re4 Kg5 37. Re2 Rb1 38. Rd2 f5 39. gxf5
Bxf5 40. Kh2 Kf4 41. c5 Be4 42. Rf2+ Kg5 43. h4+ Kh6 44. Rf4 Bd5 45. Bf3 Rb2+
46. Kg1 Bxb3 47. Rb4 Rc2 48. Rxb3 Rxc5 49. Kg2 Rc4 50. Kg3 Kg7 51. Rb7+ Kh6 52.
Re7 Rd4 53. Be4 Rd1 54. Kf4 Rf1+ 55. Bf3 Rf2 56. Kg3 Rd2 57. Be2 Rd4 58. Rc7
Rd6 59. Bc4 g5 60. hxg5+ Kxg5 61. Rxh7 Rd4 62. Be2 Rb4 63. Rf7 Kg6 64. Rf3 Kg5
65. Rf8 Rb3+ 66. Bf3 Rc3 67. Ra8 Rc5 68. Rh8 Rc3 69. Rh5+ Kg6 70. Re5 Kf6 71.
Ra5 Rc4 72. Bd5 Rd4 73. Kf3 Ke5 74. Be4+ Ke6 75. Ke3 Rd1 76. Kf4 Rf1+ 77. Bf3
Kd6 78. Ke4 Rb1 79. Ra6+ Kc5 80. Ke5 Rb6 81. Ra1 Rb4 82. Bd5 Rh4 83. Rc1+ Kb4
84. Be4 Kb3 85. Kd4 Rh2 86. Rb1+ Rb2 87. Bd5+ Kc2 88. Rh1 Kd2 89. Bc4 Rb8 90.
Rh2+ Ke1 91. Bd3 Rd8+ 92. Ke3 Re8+ 93. Be4 Rf8 94. Rh1+ Rf1 95. Rh8 Rf7 96. Rh2
Rf6 97. Re2+ Kd1 98. Rb2 1-0

[Event "2nd 4NCL Spring Bank Holiday Congress"]
[Site "Basingstoke"]
[Date "2019.05.27"]
[Round "7.6"]
[White "Mladek, Richard"]
[Black "Goater, Kevin P"]
[Result "1-0"]
[WhiteElo "2268"]
[BlackElo "2084"]
[PlyCount "77"]
[EventDate "2019.05.24"]

1. e4 c5 2. Nf3 g6 3. d4 cxd4 4. Nxd4 Nc6 5. Nc3 Bg7 6. Be3 Nf6 7. Bc4 O-O 8.
Bb3 a5 9. f3 d5 10. Bxd5 Nxd5 11. Nxd5 Ra6 12. c3 e6 13. Nxc6 Rxc6 14. Nf4 Qc7
15. a4 Be5 16. Ne2 Rd6 17. Qc2 Rfd8 18. f4 Bg7 19. Kf2 e5 20. Rhd1 exf4 21.
Bxf4 Rf6 22. Kg1 Qb6+ 23. Kh1 Rxd1+ 24. Rxd1 Bg4 25. e5 Rxf4 26. Nxf4 Bxd1 27.
Qxd1 Qxb2 28. e6 fxe6 29. Nxe6 Qb6 30. Ng5 Bxc3 31. Qd5+ Kg7 32. Qf7+ Kh6 33.
h4 Qb1+ 34. Kh2 Be5+ 35. g3 Qc2+ 36. Kh3 Qc8+ 37. g4 Qc3+ 38. Nf3 Bg7 39. Qf4+
1-0

[Event "2nd 4NCL Spring Bank Holiday Congress"]
[Site "Basingstoke"]
[Date "2019.05.27"]
[Round "7.7"]
[White "Goodger, Martyn"]
[Black "Villiers, Thomas"]
[Result "0-1"]
[WhiteElo "2043"]
[BlackElo "2195"]
[PlyCount "52"]
[EventDate "2019.05.24"]

1. e4 c6 2. c4 d5 3. cxd5 cxd5 4. exd5 Nf6 5. Nc3 Nxd5 6. Nf3 Nc6 7. Bc4 e6 8.
O-O Be7 9. d4 O-O 10. Re1 a6 11. a3 b5 12. Ba2 Nxc3 13. bxc3 Bb7 14. Qd3 Na5
15. Re5 Nc4 16. Rh5 g6 17. Rh3 Qd5 18. Bh6 Rfe8 19. Re1 Bf6 20. Bxc4 bxc4 21.
Qd2 Rad8 22. Qf4 Qf5 23. Qc7 Bd5 24. Ne5 Bxe5 25. dxe5 Rb8 26. Qc5 Qe4 0-1

[Event "2nd 4NCL Spring Bank Holiday Congress"]
[Site "Basingstoke"]
[Date "2019.05.27"]
[Round "7.8"]
[White "Ogunshola, Olugbemiga (Ben)"]
[Black "Xian, Junhao"]
[Result "0-1"]
[WhiteElo "2184"]
[BlackElo "2044"]
[PlyCount "104"]
[EventDate "2019.05.24"]

1. c4 f5 2. g3 Nf6 3. Bg2 e5 4. Nc3 Be7 5. d4 d6 6. Nf3 e4 7. Ng5 c6 8. O-O d5
9. Qb3 Na6 10. cxd5 cxd5 11. Bf4 Qb6 12. Qxb6 axb6 13. a3 Bd7 14. Nh3 O-O 15.
Be5 Bc6 16. Nf4 Rfd8 17. b4 b5 18. Rfd1 Kf7 19. h4 Ng4 20. e3 Nxe5 21. dxe5 Nc7
22. Bf1 g6 23. Rd4 Bf8 24. Ra2 Bg7 25. Rdd2 Bxe5 26. Nce2 Ra4 27. Nc1 Rda8 28.
Nb3 Rxa3 29. Na5 Rxa2 30. Rxa2 Na6 31. Nb3 Nc7 32. Rc2 Ke7 33. Nc5 Ra1 34. Ne2
Rb1 35. Ra2 Rxb4 36. Ra7 Kd6 37. Nxb7+ Bxb7 38. Rxb7 Kc6 39. Rb8 Rb1 40. Kg2
Kc5 41. Rb7 Kc6 42. Rb8 b4 43. Nd4+ Bxd4 44. exd4 b3 45. Rb4 b2 46. Rb3 Ne6 47.
Bb5+ Kd6 48. Ba4 Nxd4 49. Rb7 Ra1 50. Rxb2 Rxa4 51. Rb7 Ra2 52. Rxh7 e3 0-1

[Event "2nd 4NCL Spring Bank Holiday Congress"]
[Site "Basingstoke"]
[Date "2019.05.27"]
[Round "7.9"]
[White "Royal, Shreyas"]
[Black "Spence, David J"]
[Result "0-1"]
[WhiteElo "1993"]
[BlackElo "2138"]
[PlyCount "48"]
[EventDate "2019.05.24"]

1. d4 e6 2. c4 Nf6 3. Nc3 Bb4 4. e3 b6 5. Nge2 Ne4 6. f3 Bxc3+ 7. bxc3 Nd6 8.
Ng3 Qh4 9. Bd3 Ba6 10. Qa4 f5 11. O-O O-O 12. e4 fxe4 13. fxe4 Rxf1+ 14. Kxf1
Bb7 15. Qc2 Qxh2 16. Bf4 Nc6 17. e5 Rf8 18. Qf2 g5 19. Bxg5 Rxf2+ 20. Kxf2 Nxe5
21. Bxh7+ Qxh7 22. dxe5 Qc2+ 23. Ne2 Ne4+ 24. Ke3 Qd2+ 0-1

[Event "2nd 4NCL Spring Bank Holiday Congress"]
[Site "Basingstoke"]
[Date "2019.05.27"]
[Round "7.10"]
[White "Ther, Mate"]
[Black "Jones, Steven A"]
[Result "0-1"]
[WhiteElo "1935"]
[BlackElo "2128"]
[PlyCount "82"]
[EventDate "2019.05.24"]

1. e4 c5 2. Nf3 Nc6 3. d4 cxd4 4. Nxd4 Nf6 5. Nc3 e5 6. Nf5 d5 7. Bg5 d4 8.
Bxf6 gxf6 9. Nb1 Bxf5 10. exf5 Rg8 11. Nd2 Qd5 12. Qf3 Qxf3 13. gxf3 Bb4 14.
O-O-O Bxd2+ 15. Kxd2 Rg5 16. Bd3 O-O-O 17. Rde1 Rg2 18. Ke2 Kc7 19. Reg1 Rdg8
20. Rxg2 Rxg2 21. a3 Ne7 22. Kf1 Rg5 23. Rg1 Nd5 24. Rg3 Kd6 25. Be4 b5 26.
Rxg5 fxg5 27. Bxd5 Kxd5 28. Ke2 e4 29. fxe4+ Kxe4 30. f6 g4 31. b3 h5 32. Ke1
Ke5 33. Kd2 Kxf6 34. c4 dxc3+ 35. Kxc3 Ke5 36. Kb4 f5 37. Kxb5 f4 38. Ka6 h4
39. Kxa7 g3 40. fxg3 hxg3 41. hxg3 fxg3 0-1

[Event "2nd 4NCL Spring Bank Holiday Congress"]
[Site "Basingstoke"]
[Date "2019.05.27"]
[Round "7.11"]
[White "Brown, Tom"]
[Black "Goh, Zi Han"]
[Result "1/2-1/2"]
[WhiteElo "2086"]
[BlackElo "1912"]
[PlyCount "126"]
[EventDate "2019.05.24"]

1. Nf3 d5 2. e3 Nf6 3. c4 c6 4. b3 Nbd7 5. Bb2 e6 6. Nc3 Be7 7. d4 b6 8. Bd3
Bb7 9. O-O O-O 10. Qe2 Rc8 11. Rac1 Qc7 12. cxd5 exd5 13. Rfd1 Qb8 14. Rc2 Rfe8
15. Ba6 Bd6 16. Rdc1 Ne4 17. Bxb7 Qxb7 18. Nxe4 dxe4 19. Nd2 Nf6 20. Nc4 Bb8
21. Ba3 Qd7 22. f4 exf3 23. Qxf3 Re6 24. Ne5 Bxe5 25. dxe5 Rxe5 26. Rxc6 Rce8
27. Rd1 Rd5 28. Rxd5 Qxc6 29. Rd8 Qe6 30. Rxe8+ Qxe8 31. Bb2 Ne4 32. Qg4 f6 33.
Bd4 Qc6 34. h3 a6 35. Bxb6 Qc1+ 36. Kh2 Qc6 37. Qf4 Nd6 38. Qd4 Kf7 39. Qc5
Qxc5 40. Bxc5 Ne4 41. Bd4 Ke6 42. g4 g6 43. Kg2 f5 44. Kf3 Ng5+ 45. Kg3 Ne4+
46. Kf4 g5+ 47. Kf3 Nd2+ 48. Ke2 Ne4 49. gxf5+ Kxf5 50. b4 h5 51. a4 Ke6 52. b5
axb5 53. axb5 g4 54. hxg4 hxg4 55. Kd3 g3 56. b6 g2 57. b7 g1=Q 58. b8=Q Nf2+
59. Ke2 Ng4 60. Qc8+ Ke7 61. Qc7+ Ke6 62. Qc8+ Ke7 63. Qc7+ Ke6 1/2-1/2

[Event "2nd 4NCL Spring Bank Holiday Congress"]
[Site "Basingstoke"]
[Date "2019.05.27"]
[Round "7.12"]
[White "Bhatia, Kanwal K"]
[Black "Moore, Gerald"]
[Result "0-1"]
[WhiteElo "2046"]
[BlackElo "2057"]
[PlyCount "68"]
[EventDate "2019.05.24"]

1. e4 c5 2. c3 d5 3. exd5 Qxd5 4. d4 g6 5. Nf3 Nc6 6. Be2 Bg7 7. dxc5 Qxc5 8.
O-O Nf6 9. Be3 Qa5 10. Na3 O-O 11. Nc4 Qc7 12. Qc1 Ng4 13. Bf4 e5 14. Bg3 f6
15. Re1 Nh6 16. Nh4 Nf7 17. Qc2 Be6 18. Rad1 Rad8 19. h3 f5 20. Nf3 b5 21. Ncd2
Qb6 22. a4 a6 23. axb5 axb5 24. Rf1 Rc8 25. Qb1 Rfd8 26. Kh1 e4 27. Ne1 Bh6 28.
f4 Qe3 29. Bh4 Rxd2 30. Rxd2 Qxd2 31. Bxb5 Na7 32. Rf2 Qe3 33. Nc2 Qb6 34. Be2
g5 0-1

[Event "2nd 4NCL Spring Bank Holiday Congress"]
[Site "Basingstoke"]
[Date "2019.05.27"]
[Round "7.13"]
[White "Jaufarally, Nadia"]
[Black "Chakanyuka, Charles"]
[Result "1/2-1/2"]
[WhiteElo "1945"]
[BlackElo "2034"]
[PlyCount "33"]
[EventDate "2019.05.24"]

1. e4 d6 2. d4 Nf6 3. Nc3 g6 4. Nf3 Bg7 5. Be2 O-O 6. O-O Nc6 7. h3 e5 8. dxe5
Nxe5 9. Nxe5 dxe5 10. Bg5 Qxd1 11. Rfxd1 Be6 12. Rd2 c6 13. a4 h6 14. Be3 Rfe8
15. Bc5 Bf8 16. Bxf8 Kxf8 17. a5 1/2-1/2

[Event "2nd 4NCL Spring Bank Holiday Congress"]
[Site "Basingstoke"]
[Date "2019.05.27"]
[Round "7.14"]
[White "Vaidya, Raghav"]
[Black "Jamroz, Krzysztof"]
[Result "0-1"]
[WhiteElo "1472"]
[BlackElo "1971"]
[PlyCount "104"]
[EventDate "2019.05.24"]

1. c4 Nf6 2. Nc3 g6 3. Nf3 Bg7 4. d4 c5 5. e3 O-O 6. Be2 cxd4 7. exd4 d5 8. c5
Nc6 9. O-O Ne4 10. Be3 Bf5 11. Rc1 Qd7 12. Bb5 Nxc3 13. Rxc3 Bg4 14. h3 Bxf3
15. Qxf3 Nxd4 16. Bxd4 Qxb5 17. Bxg7 Kxg7 18. Qxd5 Qxb2 19. Qb3 Qxb3 20. Rxb3
b6 21. c6 Rfc8 22. Rc3 Rc7 23. f3 Rd8 24. Rc2 Rd6 25. Rfc1 e5 26. Kf2 f5 27.
Ke3 Kf6 28. g4 f4+ 29. Ke2 Ke6 30. h4 Rd5 31. Rc3 Kd6 32. Ra3 a5 33. Rac3 b5
34. a3 b4 35. axb4 axb4 36. Rb3 Rd4 37. Rcb1 Kc5 38. Rc1+ Kb5 39. Ra1 Kxc6 40.
Rc1+ Kb6 41. Rcb1 Kb5 42. R3b2 Rc3 43. Rf1 Re3+ 44. Kf2 Rdd3 45. Kg2 b3 46.
Rbf2 Rc3 47. g5 Rc2 48. Rxc2 bxc2 49. Rc1 Rc3 50. Kf2 Kb4 51. Ke2 Kb3 52. Kd2
Kb2 0-1

[Event "2nd 4NCL Spring Bank Holiday Congress"]
[Site "Basingstoke"]
[Date "2019.05.27"]
[Round "7.15"]
[White "Lubarto, Michael"]
[Black "Jukes, Sam"]
[Result "0-1"]
[WhiteElo "1883"]
[BlackElo "1860"]
[PlyCount "82"]
[EventDate "2019.05.24"]

1. e4 e5 2. Nf3 Nc6 3. Bb5 a6 4. Ba4 Nf6 5. O-O b5 6. Bb3 Bb7 7. Ng5 d5 8. exd5
Nd4 9. Re1 Nxb3 10. Rxe5+ Be7 11. axb3 O-O 12. d4 Nxd5 13. Nf3 Bd6 14. Rg5 f6
15. Rh5 Qe8 16. Nfd2 Nf4 17. Rh4 g5 18. Rg4 Qh5 19. Nf1 f5 20. Bxf4 Bxf4 21. c4
Qxg4 22. Qxg4 fxg4 23. Nc3 bxc4 24. bxc4 Rfd8 25. g3 Bd6 26. Ra5 h6 27. Rf5 Bc8
28. Rf6 Kg7 29. Ne4 Be7 30. Rc6 Rxd4 31. Nc3 Bd6 32. c5 Bb7 33. Ne3 Re8 34. Kf1
Kg6 35. Ne2 Rde4 36. Rb6 cxb6 37. cxd6 Ra4 38. Nc3 Rd4 39. Ncd5 Rxd5 40. Nxd5
Bxd5 41. d7 Rd8 0-1

[Event "2nd 4NCL Spring Bank Holiday Congress"]
[Site "Basingstoke"]
[Date "2019.05.27"]
[Round "7.16"]
[White "Skettos, Nicolas"]
[Black "Chapman, Matt"]
[Result "0-1"]
[WhiteElo "1830"]
[BlackElo "1961"]
[PlyCount "80"]
[EventDate "2019.05.24"]

1. e4 c6 2. d4 d5 3. exd5 cxd5 4. Bd3 Nc6 5. c3 Qc7 6. Ne2 Bg4 7. O-O e6 8. Qe1
Bxe2 9. Qxe2 Nf6 10. f4 Bd6 11. Be3 O-O-O 12. b4 h5 13. h3 h4 14. a4 Nh5 15.
Qf3 g5 16. fxg5 Bh2+ 17. Kf2 e5 18. Qf5+ Kb8 19. Ke1 exd4 20. cxd4 Rhe8 21. Kd2
Rxe3 22. Kxe3 Re8+ 23. Kd2 Nxd4 24. Qxd5 Bf4+ 25. Rxf4 Nxf4 26. Qxd4 Rd8 27.
Qc5 Rxd3+ 28. Kc2 Qxc5+ 29. bxc5 Rg3 30. Nd2 Rxg2 31. Rf1 Nxh3 32. Rxf7 Nxg5
33. Rf8+ Kc7 34. Rh8 Nf3 35. Kc3 Rxd2 36. Rf8 Rf2 37. Kb4 h3 38. Rh8 h2 39. Kb5
Rb2+ 40. Kc4 Rb1 0-1

[Event "2nd 4NCL Spring Bank Holiday Congress"]
[Site "Basingstoke"]
[Date "2019.05.27"]
[Round "7.17"]
[White "Zhu, Yaoyao"]
[Black "Purdon, Colin"]
[Result "1/2-1/2"]
[WhiteElo "1839"]
[BlackElo "2055"]
[PlyCount "40"]
[EventDate "2019.05.24"]

1. e4 c6 2. Nf3 d5 3. Nc3 Nf6 4. e5 Ne4 5. d3 Nxc3 6. bxc3 Bg4 7. h3 Bxf3 8.
Qxf3 e6 9. d4 c5 10. dxc5 Nc6 11. Qg3 Qc7 12. Bf4 Bxc5 13. Bd3 O-O-O 14. O-O
Rdg8 15. Rfe1 Qa5 16. Rab1 Qxc3 17. Ba6 Qxg3 18. Bxb7+ Kc7 19. Bxg3 Rb8 20.
Bxc6 Kxc6 1/2-1/2

[Event "2nd 4NCL Spring Bank Holiday Congress"]
[Site "Basingstoke"]
[Date "2019.05.27"]
[Round "7.18"]
[White "Freeland, Alexander"]
[Black "Gibson, Christopher A"]
[Result "1-0"]
[WhiteElo "2046"]
[BlackElo "1846"]
[PlyCount "121"]
[EventDate "2019.05.24"]

1. d4 Nf6 2. c4 g6 3. Nc3 Bg7 4. e4 d6 5. f3 O-O 6. Be3 c5 7. Nge2 Nc6 8. d5
Ne5 9. Ng3 h5 10. Be2 a6 11. O-O Bd7 12. h3 b5 13. cxb5 axb5 14. Nxb5 Qa5 15.
a4 Bxb5 16. Bxb5 Qb4 17. Ne2 Nc4 18. Bxc4 Qxc4 19. b3 Qa6 20. Rc1 Rfb8 21. Nc3
Rb7 22. Nb5 Rab8 23. Kh1 Ne8 24. Rf2 Nc7 25. b4 Nxb5 26. axb5 Rxb5 27. bxc5 Qa3
28. Re2 dxc5 29. Qg1 Bd4 30. Bxd4 cxd4 31. Rd1 Qc3 32. Qxd4 Qxd4 33. Rxd4 Rb1+
34. Kh2 h4 35. e5 Rd8 36. d6 Rd7 37. dxe7 Rxe7 38. Rxh4 f6 39. Rhe4 fxe5 40.
Rxe5 Rxe5 41. Rxe5 Kf7 42. Kg3 Kf6 43. Ra5 Rb4 44. f4 Rb6 45. Kg4 Rc6 46. g3
Rb6 47. h4 Rc6 48. h5 gxh5+ 49. Rxh5 Kg6 50. f5+ Kg7 51. Kg5 Ra6 52. g4 Ra4 53.
Rh1 Ra6 54. Rb1 Rc6 55. Rb7+ Kg8 56. f6 Rc4 57. Kf5 Rc1 58. Kg6 Rc8 59. Rg7+
Kh8 60. Rh7+ Kg8 61. f7+ 1-0

[Event "2nd 4NCL Spring Bank Holiday Congress"]
[Site "Basingstoke"]
[Date "2019.05.27"]
[Round "7.19"]
[White "Chilton, James I"]
[Black "Ross, Stuart"]
[Result "0-1"]
[WhiteElo "1728"]
[BlackElo "1599"]
[PlyCount "90"]
[EventDate "2019.05.24"]

1. d4 Nf6 2. c4 e6 3. Nf3 b6 4. Nc3 Bb7 5. Bf4 Be7 6. e3 O-O 7. a3 d6 8. Be2
Nbd7 9. O-O Rc8 10. b4 h6 11. Qc2 Nh5 12. Bg3 Nxg3 13. fxg3 Nf6 14. Nd2 c5 15.
bxc5 dxc5 16. d5 exd5 17. Bf3 Rb8 18. cxd5 Nxd5 19. Nxd5 Bxd5 20. e4 Be6 21.
Kh1 Bf6 22. Rad1 Qd4 23. Nb3 Qc3 24. Qxc3 Bxc3 25. Rb1 Rbd8 26. Rfc1 Be5 27.
Be2 Rd6 28. Bc4 Bxc4 29. Rxc4 Rfd8 30. Kg1 Rd1+ 31. Rxd1 Rxd1+ 32. Kf2 Rd3 33.
Nxc5 bxc5 34. Ra4 Rd7 35. Ke3 Rb7 36. Kf3 Bc7 37. Kg4 Bb6 38. e5 Rd7 39. Kf5
Rd4 40. Rxd4 cxd4 41. Ke4 Kf8 42. a4 Ke7 43. a5 Bxa5 44. Kxd4 Ke6 45. g4 Bc7
0-1

[Event "2nd 4NCL Spring Bank Holiday Congress"]
[Site "Basingstoke"]
[Date "2019.05.27"]
[Round "7.20"]
[White "Voiculescu-Holvad, Stefan"]
[Black "Forster, Matthew"]
[Result "0-1"]
[WhiteElo "1640"]
[BlackElo "1861"]
[PlyCount "112"]
[EventDate "2019.05.24"]

1. d4 c5 2. d5 d6 3. c4 Nf6 4. Nc3 g6 5. e4 Bg7 6. Nf3 O-O 7. Be2 e6 8. O-O
exd5 9. cxd5 Re8 10. Nd2 Na6 11. Bf3 Nc7 12. a4 b6 13. Re1 Rb8 14. Nc4 Ba6 15.
Na3 h6 16. h3 Qd7 17. Bf4 Re7 18. e5 Rbe8 19. Qd2 dxe5 20. Bxh6 Qd6 21. Bg5 Rd7
22. Bxf6 Qxf6 23. Rad1 Qd6 24. Ne4 Qf8 25. Nc3 Red8 26. Be2 Bxe2 27. Rxe2 Ne6
28. Qe1 Nd4 29. Re3 f5 30. h4 Qf6 31. Rh3 Re8 32. Qf1 e4 33. Qc4 Kh7 34. Nab5
Red8 35. b4 a6 36. Nxd4 cxd4 37. Ne2 Rxd5 38. Qxa6 d3 39. Nf4 R5d6 40. Qb7 R8d7
41. Qc8 Qc3 42. Qxc3 Bxc3 43. b5 Be5 44. g3 Bxf4 45. gxf4 Rc7 46. Kg2 Rc4 47.
Rhh1 Rxa4 48. Ra1 Rb4 49. Rhb1 Rc4 50. Rc1 Rc2 51. Rxc2 dxc2 52. Rc1 Rd2 53.
Kg3 Kh6 54. f3 e3 55. Kh3 e2 56. Kg3 Rd1 0-1

[Event "2nd 4NCL Spring Bank Holiday Congress"]
[Site "Basingstoke"]
[Date "2019.05.27"]
[Round "6.1"]
[White "Jackson, James P"]
[Black "Hebden, Mark L"]
[Result "0-1"]
[WhiteElo "2388"]
[BlackElo "2433"]
[PlyCount "72"]
[EventDate "2019.05.24"]

1. e4 e5 2. Nf3 Nc6 3. Bc4 Nf6 4. d3 Be7 5. O-O O-O 6. Re1 d6 7. c3 Na5 8. Bb5
a6 9. Ba4 b5 10. Bc2 c5 11. Nbd2 Re8 12. Nf1 h6 13. d4 cxd4 14. cxd4 Bg4 15.
Ne3 Bxf3 16. Qxf3 Nc6 17. Nf5 Nxd4 18. Nxd4 exd4 19. Qd3 Rc8 20. Bf4 Nh5 21.
Bg3 Bg5 22. e5 Rxc2 23. Qxc2 Nxg3 24. exd6 Nh5 25. g3 Rf8 26. Qc6 g6 27. Re5
Nf6 28. Rae1 Qd7 29. Qc5 Qh3 30. Qxd4 Ng4 31. Rxg5 Qxh2+ 32. Kf1 Qh1+ 33. Ke2
Re8+ 34. Kd3 Rxe1 35. Rxg4 Rd1+ 36. Kc3 Qe1+ 0-1

[Event "2nd 4NCL Spring Bank Holiday Congress"]
[Site "Basingstoke"]
[Date "2019.05.27"]
[Round "6.2"]
[White "Bukojemski, Adam"]
[Black "Harvey, Marcus R"]
[Result "1-0"]
[WhiteElo "2182"]
[BlackElo "2412"]
[PlyCount "137"]
[EventDate "2019.05.24"]

1. c4 f5 2. d4 Nf6 3. Nc3 g6 4. g3 Bg7 5. Bg2 O-O 6. Nh3 d6 7. O-O c6 8. b3 Re8
9. Bb2 Qc7 10. d5 e5 11. dxe6 Bxe6 12. Rc1 Na6 13. Nd5 Nxd5 14. Bxg7 Ne3 15.
fxe3 Qxg7 16. Qxd6 Rad8 17. Qf4 Rd2 18. Rcd1 Rxe2 19. Rd6 Bc8 20. e4 Rxa2 21.
exf5 Qb2 22. Nf2 Bxf5 23. g4 Bc8 24. Rf6 Nc5 25. g5 Nd7 26. Bh3 Nxf6 27. gxf6
Rf8 28. Bxc8 Rxf6 29. Qe3 b6 30. Bd7 Qe2 31. Qd4 Qf3 32. c5 bxc5 33. Qxc5 Rxf2
34. Qxf2 Qxf2+ 35. Rxf2 Rd6 36. Be8 c5 37. Bf7+ Kg7 38. Bc4 Rd7 39. Kg2 Re7 40.
Kf3 Re5 41. Ra2 Rf5+ 42. Ke4 Kf6 43. Ra6+ Kg5 44. Rxa7 h5 45. Ra2 Kf6 46. h4
Re5+ 47. Kf4 Rf5+ 48. Kg3 g5 49. Ra6+ Ke5 50. Re6+ Kd4 51. Rd6+ Kc3 52. Rd5
gxh4+ 53. Kg2 Rf4 54. Rxc5 Kb4 55. Rxh5 Rg4+ 56. Kh3 Rg1 57. Kxh4 Kc3 58. Rg5
Rh1+ 59. Kg3 Rh8 60. Kf4 Rh4+ 61. Ke5 Kb4 62. Be6 Rh1 63. Rg4+ Ka3 64. Ra4+ Kb2
65. Kd4 Rd1+ 66. Kc5 Rc1+ 67. Bc4 Rh1 68. b4 Rh5+ 69. Bd5 1-0

[Event "2nd 4NCL Spring Bank Holiday Congress"]
[Site "Basingstoke"]
[Date "2019.05.27"]
[Round "6.3"]
[White "Merry, Alan B"]
[Black "Eggleston, David J"]
[Result "1-0"]
[WhiteElo "2440"]
[BlackElo "2397"]
[PlyCount "131"]
[EventDate "2019.05.24"]

1. c4 Nf6 2. Nc3 e6 3. Nf3 Bb4 4. g3 b6 5. Bg2 Bb7 6. O-O O-O 7. d3 d5 8. Qa4
Bxc3 9. bxc3 c5 10. cxd5 exd5 11. Qc2 Re8 12. Re1 Nbd7 13. a4 Nf8 14. Ba3 Ne6
15. Nd2 Qd7 16. e3 Rac8 17. Qd1 Bc6 18. Bb2 a6 19. Ra3 b5 20. axb5 axb5 21. Qe2
d4 22. Nf3 Qb7 23. cxd4 cxd4 24. e4 Qb6 25. Rea1 Bb7 26. Qd2 Qc5 27. Rc1 Qb6
28. Rxc8 Rxc8 29. Bh3 Rd8 30. Qb4 Qc5 31. Rb3 Qh5 32. Bg2 Bc6 33. Ra3 Ng5 34.
Nxg5 Qxg5 35. Ra6 Be8 36. Bxd4 Qc1+ 37. Bf1 Qc8 38. Rxf6 Rxd4 39. Qxd4 gxf6 40.
Qxf6 b4 41. Qg5+ Kf8 42. Qh6+ Ke7 43. e5 Qe6 44. Qh4+ Kf8 45. Qxb4+ Kg8 46. Qd6
Qxd6 47. exd6 Bd7 48. f4 f6 49. Kf2 Kf7 50. Ke3 Bf5 51. Kd4 Ke6 52. Kc5 Kd7 53.
d4 Kd8 54. h3 h6 55. g4 Bg6 56. h4 Bf7 57. Bd3 Bg8 58. Bf5 Bf7 59. h5 Bg8 60.
g5 fxg5 61. fxg5 hxg5 62. h6 g4 63. h7 Bxh7 64. Bxh7 g3 65. Be4 g2 66. Bxg2 1-0